000 00876nas a2200277 4500
001 BR9904185
003 BR-BrBNA
005 20231205101536.0
007 ta
008 230509b bl.|||p| |||| 00| 00por d
040 _aBR-BrBNA
_bpor
_cBiblioteca Nacional de Agricultura
041 _a(Pt)
072 _aL10
100 1 _aBrisola, L.B. de S.
100 1 _aNeves, J.P.
100 1 _aGoncalves, P.B.D.
100 1 _aOliveira, J.F.C. de
100 1 _aMontagner, M.M.
245 1 _aIntegridade das membranas plasmatica, nuclear e mitocondrial de espermatozoides ovinos criopreservados com etileno glicol
650 _aOvino
650 _aEspermatozoide
650 _aInseminacao Artificial
773 0 _tCiencia Rural (Brazil)
_xISSN 0103-8478
_g(Jul-Sep 1999), v. 29(3) p. 537-531
_wBR9904185
909 _a202311
_bLúcia
_c55
_dLúcia Elande
942 _2AGRIS
_n0
_cANA
999 _c162417
_d162417